000
00207 a2200097 4500
020
_a
0618065644
041
_a
eng
100
_a
Magret y Hareys
245
_a
Curious George goes to a costume Party
942
_c
K
999
_c
27790
_d
27790